Biscuit visits the big city / (Record no. 407317)
[ view plain ]
| 000 -LEADER | |
|---|---|
| fixed length control field | 01158nam a2200325 4500 |
| 001 - CONTROL NUMBER | |
| control field | 2082957 |
| 003 - CONTROL NUMBER IDENTIFIER | |
| control field | IlBcCP |
| 005 - DATE AND TIME OF LATEST TRANSACTION | |
| control field | 20250424114149.0 |
| 008 - FIXED-LENGTH DATA ELEMENTS--GENERAL INFORMATION | |
| fixed length control field | 250424s2006 nyua 000 1 eng |
| 020 ## - INTERNATIONAL STANDARD BOOK NUMBER | |
| International Standard Book Number | 1536447838 |
| 020 ## - INTERNATIONAL STANDARD BOOK NUMBER | |
| International Standard Book Number | 9780060741662 |
| 020 ## - INTERNATIONAL STANDARD BOOK NUMBER | |
| International Standard Book Number | 9781536447835 |
| 040 ## - CATALOGING SOURCE | |
| Transcribing agency | IlBcCP |
| 082 14 - DEWEY DECIMAL CLASSIFICATION NUMBER | |
| Classification number | [E] |
| Edition number | 22 |
| 100 1# - MAIN ENTRY--PERSONAL NAME | |
| Personal name | Capucilli, Alyssa Satin, |
| Dates associated with a name | 1957- |
| 9 (RLIN) | 38293 |
| 245 10 - TITLE STATEMENT | |
| Title | Biscuit visits the big city / |
| Statement of responsibility, etc | Alyssa Satin Capucilli ; illustrated by Pat Schories. |
| 260 ## - PUBLICATION, DISTRIBUTION, ETC. (IMPRINT) | |
| Place of publication, distribution, etc | New York, NY : |
| Name of publisher, distributor, etc | HarperCollins Publishers, |
| Date of publication, distribution, etc | 2006. |
| 300 ## - PHYSICAL DESCRIPTION | |
| Extent | 28 p. : |
| Other physical details | col. ill. ; |
| Dimensions | 23 cm |
| 490 1# - SERIES STATEMENT | |
| Series statement | I can read book: my first |
| 520 ## - SUMMARY, ETC. | |
| Summary, etc | The city is a big and busy place for a little puppy-there are tall buildings, honking cars, and all kinds of new friends to make! |
| 521 2# - TARGET AUDIENCE NOTE | |
| Target audience note | PK1. |
| 521 8# - TARGET AUDIENCE NOTE | |
| Target audience note | 230 |
| Source | Lexile. |
| 521 8# - TARGET AUDIENCE NOTE | |
| Target audience note | E |
| Source | Fountas and Pinnell. |
| 526 8# - STUDY PROGRAM INFORMATION NOTE | |
| Program name | Accelerated Reader AR |
| Interest level | LG |
| Reading level | 1.0 |
| Title point value | 0.5 |
| Public note | 106265. |
| 650 #7 - SUBJECT ADDED ENTRY--TOPICAL TERM | |
| Topical term or geographic name as entry element | City and town life |
| Source of heading or term | sears |
| Form subdivision | Fiction. |
| 9 (RLIN) | 5676025 |
| 650 #7 - SUBJECT ADDED ENTRY--TOPICAL TERM | |
| Topical term or geographic name as entry element | Dogs |
| Source of heading or term | sears |
| Form subdivision | Fiction. |
| 9 (RLIN) | 5674795 |
| 700 1# - ADDED ENTRY--PERSONAL NAME | |
| Personal name | Schories, Pat, |
| Relator term | ill. |
| 9 (RLIN) | 10861 |
| 830 #0 - SERIES ADDED ENTRY--UNIFORM TITLE | |
| Uniform title | I can read book. |
| Number of part/section of a work | My first. |
| 9 (RLIN) | 6543740 |
| 852 ## - LOCATION/CALL NUMBER | |
| -- | 13.95 |
| Withdrawn status | Lost status | Source of classification or shelving scheme | Damaged status | Not for loan | Collection code | Home library | Current library | Shelving location | Date acquired | Source of acquisition | Total Checkouts | Total Renewals | Full call number | Barcode | Date last seen | Date checked out | Cost, replacement price | Price effective from | Koha item type |
|---|---|---|---|---|---|---|---|---|---|---|---|---|---|---|---|---|---|---|---|
| Dewey Decimal Classification | Children Leveled | Wasatch County Library | Wasatch County Library | Main Floor Childrens Area | 06/20/2025 | Libraria | 6 | 5 | E Capucilli | 34301002158709 | 02/10/2026 | 01/27/2026 | 13.95 | 06/20/2025 | BOOK |
